MARC

LEADER 00000nam0a2200000 4500
001 280160
005 20231101235259.0
020 |a RU  |b 86-63787 
035 |a (RuTPU)RU\TPU\book\303469 
090 |a 280160 
100 |a 20141225d1986 k y0rusy5003 ca 
101 1 |a rus  |c ger 
102 |a RU 
105 |a y z 000zy 
200 1 |a Промышленные роботы в социалистическом производстве  |e пер. с нем.  |f И. Фишер, К. Хартман 
210 |a Москва  |c Экономика  |d 1986 
215 |a 157 с. 
606 1 |a Роботы промышленные  |2 stltpush  |3 (RuTPU)RU\TPU\subj\25303  |9 86249 
610 1 |a применяемые в народном хозяйстве 
610 1 |a социалистическое производство 
610 1 |a практический опыт 
610 1 |a роботостроение 
610 1 |a производственные силы 
610 1 |a развитие 
675 |a 621.865.8  |z rus  |v 4 
700 1 |a Фишер  |b И.  |g Ирене  |4 070 
701 1 |a Хартман  |b К.  |g Карл  |4 070 
801 0 |a RU  |b RuMRKP  |c 19950704  |g psbo 
801 1 |a RU  |b 63413507  |c 20141225 
801 2 |a RU  |b 63413507  |c 20170426  |g RCR 
942 |c BK